000 00398nam a22001937a 4500
003 UA-OsUOA
001 2733
007 ta
008 20050721b un ||||| |||| 00| 0 ukr d
100 _aKing
700 _aL.
700 _aOcchiogrosso
700 _aP.
942 _cBK
040 _aUA-OsUOA
_cUA-OsUOA
_dUA-OsUOA
245 _aTell it to the King.
_bBiography
955 _a2
650 7 _2UDC
999 _c288895
_d288895